Harry Potter - H - Statistiques

Statistiques générales
  • Ce quiz a été pris 114 fois
    74 depuis la dernière actualisation
  • Le résultat moyen est 10 sur 20
Statistiques - réponses
Définition Nom % Correct
Chouette du personnage principal Hedwige
97%
Partie de l'âme de Voldemort Horcruxe
94%
L'une d'elle Harry Potter
82%
Ils distribuent le courrier Hiboux
82%
Professeur de potions Horace slughorn
78%
Garde chasse Rubeus hagrid
78%
Elle est aussi appelé la dame grise Helena Serdaigle
75%
Créature mi aigle mi cheval Hippogriffe
66%
Elle possédait l'une d'elle Helga Poufsouffle
52%
Celui de Percy Hermès
52%
Élève de Poufsouffle Hannah Abbot
51%
Acteur de Bellatrix Helena Bonham Carter
46%
Livre écrit par Bathilda Tourdesac Histoire de la magie
45%
Boutique de bonbons de Pré au Lard Honeydukes
40%
Drago Malefoy en à empoisonnéUne bouteille en pensant qu'elle Sera offerte à Dumbledore Hydromel
36%
Son ami Hermione Granger
34%
Acteur de Narcissa Malefoy Helen McCrory
13%
Acteur jouant Voldemort enfants Héro Fiennes Tiffin
12%
Acteur de Dudley Harry Melling
9%
Musique la plus connue Hedwig's theme
7%
Aucun quiz correspondant
Distribution des résultats
% des personnes avec chaque résultat
Percentile par nombre de réponses
Votre historique - résultats
Vous n’avez pas pris ce quiz depuis la dernière actualisation